000 00795nam a2200253Ia 4500
003 OSt
005 20220926000409.0
006 a|||||r|||| 00| 0
007 ta
008 220923b |||||||| |||| 00| 0 eng d
037 _cGeneral Book
040 _aRTL
_cRTL
_beng
041 _2eng
_aeng
082 _aX:77.2, P7
100 _aGoenka Shifalika and others
_9302497
245 0 _aPowering India's growth(with CD)
260 _a New Delhi
_bIC Health Scientific Secretariate
_c2007
300 _a128p.
_ccm.
490 _aWorld Health Organization, Country Office for India. Public Health Foundation of INdia
500 _aBibliography P 121-128
650 _aEconomics
942 _hX:77.2, P7
_cGB
_2CC
999 _c598966
_d598966